Clasicas de Jorge Velosa (Las) (Record n. 102201)

Dettagli MARC
000 -LEADER
fixed length control field 01165njm a2200301Ia 4500
001 - CONTROL NUMBER
control field B1818
003 - CONTROL NUMBER IDENTIFIER
control field IT-RoPAU
005 - DATE AND TIME OF LATEST TRANSACTION
control field 20220918181152.0
008 - FIXED-LENGTH DATA ELEMENTS--GENERAL INFORMATION
fixed length control field 131025s9999 xx 000 0 und d
040 ## - CATALOGING SOURCE
Original cataloging agency IT-RoPAU
040 ## - CATALOGING SOURCE
Transcribing agency IT-RoPAU
041 ## - LANGUAGE CODE
Language code of text/sound track or separate title SPAGNOLO
999 ## - SYSTEM CONTROL NUMBERS (KOHA)
Koha Dewey Subclass [OBSOLETE] n.d.
100 ## - MAIN ENTRY--PERSONAL NAME
Personal name Velosa Jorge R.
9 (RLIN) 28585
100 ## - MAIN ENTRY--PERSONAL NAME
Relator term Autore musica
9 (RLIN) 28586
100 ## - MAIN ENTRY--PERSONAL NAME
Miscellaneous information Codice autore musica SPICS: 37116
9 (RLIN) 28587
245 ## - TITLE STATEMENT
Title Clasicas de Jorge Velosa (Las)
250 ## - EDITION STATEMENT
Edition statement 1a ed.
260 ## - PUBLICATION, DISTRIBUTION, ETC. (IMPRINT)
Place of publication, distribution, etc. COLOMBIA
260 ## - PUBLICATION, DISTRIBUTION, ETC. (IMPRINT)
Name of publisher, distributor, etc. DISCOS & CINTAS
Date of publication, distribution, etc. 1990 [1a Ed.:1990 - Ed. Lingua Orig.: 1990]
300 ## - PHYSICAL DESCRIPTION
Extent MUSICASSETTA
500 ## - GENERAL NOTE
General note Musica folk. Musica colombiana.
505 ## - FORMATTED CONTENTS NOTE
Formatted contents note La cucharita - Soldadito de la Patria - Julia, Julia, Julia - La pirinola - Te digo adios - El amor es una vaina - La rumba del padre Adan - Volvio la venezolana - Por fin se van a casar - El corazon remitente
650 ## - SUBJECT ADDED ENTRY--TOPICAL TERM
Topical term or geographic name as entry element COLOMBIANA [CASSETTE]
Relator term Codice MATERIA SPICS: 9951
9 (RLIN) 28588
700 ## - ADDED ENTRY--PERSONAL NAME
Personal name Velosa Jorge R.
Relator term Autore testo e musica
Miscellaneous information Codice autore testo/musica SPICS: 37116
9 (RLIN) 28589
700 ## - ADDED ENTRY--PERSONAL NAME
Personal name Velosa Jorge R.
Miscellaneous information Codice interprete SPICS: 37116
Relator term Interprete
9 (RLIN) 28590
942 ## - ADDED ENTRY ELEMENTS (KOHA)
Koha item type MUSICASSETTE
Source of classification or shelving scheme Dewey Decimal Classification
Dati di copia
Withdrawn status Lost status Damaged status Not for loan Home library Current library Date acquired Total Checkouts Full call number Date last seen Price effective from Koha item type Public note
    Buone Condizioni Not For Loan SPICS-MEDIATECA SPICS-MEDIATECA 25/10/2013   B1818 25/10/2013 25/10/2013 MUSICASSETTE Progr. Ins.: 463 / N.Vol.: 1 / Copie: 1 - Copia rara: n.d. / date import: 01.01.2014 - By Epidotti, Trombetti, Vaglietti
CREDITS: SOCIETA' SAN PAOLO Via A.Severo, 58 - ROMA (RM) & PERIODICI SAN PAOLO SRL Via Giotto, 36 MILANO & CISF Via Giotto, 36 MILANO & EDIZIONI SAN PAOLO SRL,  Piazza Soncino, 5 CINISELLO BALSAMO (MI) -- ITALY